Joueurs de foot français - Statistiques

Statistiques générales
  • Ce quiz a été pris 179 fois
  • Le résultat moyen est 24 sur 30
Statistiques - réponses
Par images Réponse % Correct
Griezmann
100%
Mbappé
100%
Zidane
100%
Benzema
98%
Giroud
97%
Henry
97%
Lloris
97%
Pogba
97%
Hernandez
96%
Kanté
95%
Payet
95%
Platini
90%
Matuidi
89%
Barthez
88%
Evra
86%
Saliba
84%
Lizarazu
83%
Cantona
81%
Olise
78%
Papin
78%
Trezeguet
77%
Desailly
75%
Sagna
68%
Djorkaeff
66%
Koscielny
65%
Ginola
56%
Sagnol
52%
Guivarc'h
34%
Giresse
31%
Rocheteau
30%
Aucun quiz correspondant
Distribution des résultats
% des personnes avec chaque résultat
Percentile par nombre de réponses
Votre historique - résultats
Vous n’avez pas pris ce quiz